[Event "Montreal Easter/Paques op"]
[Site "Montreal"]
[Date "1978.03.25"]
[Round "3"]
[White "Brodie, Hugh"]
[Black "Sasseville, Richard"]
[Result "1-0"]
[WhiteElo "1766"]
[BlackElo "1408"]
[PlyCount "91"]
[EventDate "1978.03.24"]
[EventType "swiss"]
[EventRounds "6"]
[EventCountry "CAN"]
[SourceTitle "EXT 2022"]
[Source "ChessBase"]
[SourceDate "2021.10.06"]
[SourceVersion "1"]
[SourceVersionDate "2021.10.06"]
[SourceQuality "1"]

1. e4 c5 2. Nf3 g6 3. Nc3 Bg7 4. d3 Nc6 5. g3 d6 6. Bg2 Bd7 7. 0-0 Qc8 8. Nh4 Bf6 9. Nd5 Bxh4 10. gxh4 Nf6 11. Nxf6+ exf6 12. c3 Bh3 13. Qf3 Bxg2 14. Kxg2 Ne5 15. Qxf6 Qg4+ 16. Kh1 Qf3+ 17. Qxf3 Nxf3 18. Kg2 Ne5 19. Rd1 0-0 20. Bf4 Rfd8 21. Bxe5 dxe5 22. Rd2 Rd6 23. Rad1 Rad8 24. Kg3 f5 25. Kf3 Kg7 26. h5 f4 27. hxg6 hxg6 28. d4 g5 29. d5 Rh8 30. Kg2 g4 31. f3 gxf3+ 32. Kxf3 Rh3+ 33. Kg2 Re3 34. Rg1 Kf7 35. Kf2 Rxe4 36. Rd3 c4 37. Kf3 Re3+ 38. Rxe3 fxe3 39. Ke4 Rh6 40. Rg2 Rh3 41. Kxe5 b5 42. Kd6 Rf3 43. Re2 Rh3 44. Kd7 a5 45. d6 Kf6 46. Kc7 1-0